| 000 | 00483nam a2200145 a 4500 | ||
|---|---|---|---|
| 001 | 000028347 | ||
| 005 | 20240320074002.0 | ||
| 008 | 110408s1998 dr 000 0 spa d | ||
| 040 |
_aDO-SdBNP _bspa _cBNPHU |
||
| 082 |
_axxxx _bM548 |
||
| 245 | 0 | 0 |
_aMensaje del santo padre Juan Pablo II para la cuaresma de 1998 / _cedición al cuidado Rafael Bello Peguero, Pbro. |
| 260 |
_aSanto Domingo : _bAmigo Hogar, _c1998. |
||
| 700 | 1 |
_aBello Peguero, Rafael, _d1932-2022 _92405 |
|
| 049 | _aNBPD | ||
| 999 |
_c27839 _d27839 |
||